000 00467nam a2200133Ia 4500
008 100328s9999 xx 000 0 und d
082 _b40690
100 _aवरेरकर भार्गवराम विठ्ठल-अनु.
245 _aश्रीकांत भाग 1 ते 4
260 _bनवभारत
630 _aश्रीकांत भाग 1 ते 4
730 _aश्रीकांत भाग 1 ते 4
942 _cBOOK
999 _c529399
_d529396